|
|
|
|
| LEADER |
00000nab a2200000ua 4500 |
| 001 |
vtls010776891 |
| 003 |
SK-MaSNL |
| 005 |
20260303135647.0 |
| 008 |
230218s2009 xo |||||||||||||||||eng| |
| 035 |
|
|
|a (urnnbn)urn:nbn:sk:snk:ar-a046wy
|
| 035 |
|
|
|a (uuid)fe96fe59-1183-41da-890e-3b7bd4f1643a
|
| 035 |
|
|
|a urn:nbn:sk:snk-ab4qfz
|
| 040 |
|
|
|a SNKBUCL
|b slo
|c SNKBUCL
|e AACR2
|
| 041 |
0 |
|
|a eng
|
| 044 |
|
|
|a xo
|c SK
|
| 100 |
1 |
|
|a Křížková, Jitka
|4 aut
|9 1117897
|
| 245 |
1 |
4 |
|a The effects of selected flavonoids on cytochromes P450 in rat liver and small intestine
|c Jitka Křížková, Kamila Burdová, Marie Stiborová, Petr Hodek, Vladimír Křen
|
| 700 |
1 |
|
|a Burdová, Kamila
|4 aut
|9 1157309
|
| 700 |
1 |
|
|a Stiborová, Marie,
|d 1950-2020
|4 aut
|9 200586
|
| 700 |
1 |
|
|a Hodek, Petr
|4 aut
|9 1137929
|
| 700 |
1 |
|
|a Křen, Vladimír
|4 aut
|9 579053
|
| 773 |
0 |
|
|t Interdisciplinary toxicology
|g Roč. 2, č. 3 (2009), s. [201]-204
|
| 958 |
|
|
|a OND
|
| 958 |
|
|
|a EUIPO
|
| 958 |
|
|
|a article3
|
| 999 |
|
|
|c 1966965
|d 1968895
|